01123nam a2200193Ia 4500001001100000003001000011008004100021040002500062041001300087100002500100245008900125250001100214260009200225300002700317500021900344501011400563520021900677650003300896L238-10950IT-CnALBA170116s9999||||xx |||||||||||||| ||und|| aIT-CnALBAcIT-CnALBA aITALIANO aMARTINELLI RAFFAELLO 0aIL CATECHISMO DEL VATICANO II. - INTRODUZIONE AL CATECHISMO DELLA CHIESA CATTOLICA.  a1a ed. aCINISELLO BALSAMO (MI)bEDIZIONI PAOLINEc1993 [1° Ed.:1993 - Ed.Ling.Originale: 1993] a197 p. (prefazione: 5) aELABORAZIONE. STESURA. VITA IN CRISTO. LA GRAZIA. LA PREGHIERA. COAUTORI: SCHONBORN, KARLIC, DUROUX, BENOIT, CHAPELLE. CATECHISMO DELLA CHIESA CATTOLICA. CHIESA LOCALE. APPENDICI. INTRODUZIONE DI JOSEPH RATZINGER.  aSocietà San Paolo EM - Piazza San Paolo, 14 - 12051 ALBA (CN) (non commercial uses only) ® Copyright 2017 aELABORAZIONE. STESURA. VITA IN CRISTO. LA GRAZIA. LA PREGHIERA. COAUTORI: SCHONBORN, KARLIC, DUROUX, BENOIT, CHAPELLE. CATECHISMO DELLA CHIESA CATTOLICA. CHIESA LOCALE. APPENDICI. INTRODUZIONE DI JOSEPH RATZINGER.  aSIMBOLI DI FEDE - CATECHISMI